000 00665nam a2200229 a 4500
001 22140
003 BD-RjUL
005 20211209000754.0
008 140306r19651959nyu 001 0 eng
035 _a(BD-RjUL)22205
040 _aDLC
_cODaWU
_dOCoLC
_dUk
_dDLC
_dBD-RjUL
_beng
041 _aeng
082 0 4 _a361
_bISS 1965
_223
245 1 0 _aIssues in American social work /
_cedited by Alfred J. Kahn.
260 _aNew York, :
_bColumbia University Press,
_cc1959 [printing 1965].
300 _a354 p. ;
_c23 cm.
500 _aIncludes index.
650 0 _aSocial service.
_968353
700 1 _aKahn, Alfred J.,
_918426
942 _2ddc
_cBK
999 _c22140
_d22140